| 000 | 00652nam a22001815i 4500 | ||
|---|---|---|---|
| 001 | 161138 | ||
| 003 | ES-MaACL | ||
| 005 | 20250511131029.0 | ||
| 008 | 041018s1785 fr |||| | ita d | ||
| 040 |
_aCAM _bspa _cCAM |
||
| 245 | 0 | 0 |
_aOsservazioni di varj letterati sopra i drammi dell'abbate Pietro Metastasio _b: tomo primo. |
| 260 |
_aIn Nizza : _bpresso la Societá Tipografica, _c1785. |
||
| 300 |
_a[2], 333 p. ; _c12º. |
||
| 597 | _aSign.: []1, A-N12, O11. | ||
| 600 | 1 | 4 |
_aMetastasio, Pietro, _d1698-1782 _980719 |
| 852 |
_aES-MaACL _jR-497-98 _z-- Enc. pasta española con hierros dorados _x Olim: F-2923-24 |
||
| 999 |
_c161138 _d161138 |
||